[Event "Turkey IS Bank Super League 2017"]
[Site "Darica-Kocaeli"]
[Date "2017.08.05"]
[Round "12"]
[White "Dastan, Muhammed Batuhan"]
[Black "Yilmaz, Goktan"]
[Result "1-0"]
[WhiteElo "2529"]
[BlackElo "2202"]
[Annotator "TA"]
[PlyCount "81"]
[EventType "team-tourn"]
[EventCountry "TUR"]
[SourceTitle "playchess.com"]
[Source "ChessBase"]
[SourceQuality "1"]

{[%evp 23,81,-40,-35,-52,0,7,11,0,0,0,10,0,23,-2,26,0,0,-36,-34,-26,0,5,2,0,0,-20,0,-20,0,0,0,0,55,35,245,247,248,220,236,245,230,237,221,208,247,238,178,159,391,387,29969,29970,29968,29970,29993,29994,29994,29995,29995,29996]} 1. Nf3 Nf6 2. g3 d5 3. Bg2 e6 4. O-O Be7 5. d3 c5 6. Nbd2 Nc6 7. e4 O-O 8. e5 Nd7 9. Re1 b5 {[%cal Bb7b5,Bb5b4][%mdl 32]} 10. Nf1 a5 11. h4 a4 12. a3 b4 {LiveBook: 21 Games. C00: French: Unusual White 2nd moves} (12... Qc7 13. Bf4 Nd4 14. Nxd4 cxd4 15. Nh2 Bb7 16. h5 b4 17. axb4 Bxb4 18. Rf1 Nxe5 19. h6 g6 20. c3 {1-0 (38) Naiditsch,A (2687)-Lalith,B (2587) Doha 2016}) 13. h5 {[%cal Bh4h5,Bh5h6][%mdl 32]} Qb6 $146 (13... h6 $15) ({Find the theoretical novelty and annotate with similar games:} 13... Qc7 14. Bf4 bxa3 15. bxa3 Rb8 16. Ne3 Qa5 17. Ng4 Nd4 18. h6 g6 19. Qc1 Re8 {0-1 (39) Quillan,G (2323)-Plaskett,H (2483) West Bromwich 2003}) 14. h6 $11 g6 {The position is equal.} 15. N1h2 bxa3 16. bxa3 Ba6 17. Bf4 Nd4 18. Qd2 Nxf3+ 19. Bxf3 c4 20. dxc4 Bxc4 21. Bg5 Qd8 (21... Bc5 {is more complex.} 22. Ng4 Qa5 23. c3 Rfb8 24. Bd1 Rb7) 22. Bxe7 Qxe7 23. Bg2 Rab8 24. Nf3 Rfc8 25. Qf4 Rb2 26. Nd4 Ba6 27. Bh3 Nb6 (27... Re8 $11) 28. Rab1 $14 Nc4 $2 (28... Rxb1 $14 29. Rxb1 Nd7) 29. Rxb2 $18 Nxb2 {[#]} 30. Rb1 $1 {[%cal Rb1b2]} Nc4 31. Rb4 $40 {[%mdl 128] White has strong attack.} g5 (31... Nxa3 32. Rxa4 Bc4 33. Nc6 $18) 32. Qf6 Qxf6 33. exf6 Ne5 34. f4 ({Don't do} 34. Rxa4 $6 Bb7 $16) 34... gxf4 35. gxf4 Ng6 $2 {[#]} (35... Nd7 $16 {is a better defense.}) 36. Nxe6 $1 {[%mdl 512]} Rxc2 $2 (36... Rc4 $18) (36... fxe6 37. Bxe6+) 37. Nd4 {White mates.} Rc1+ 38. Kf2 Bd3 39. Rb8+ Nf8 {[#]} 40. Ne6 $1 {[%csl Ge6][%cal Rb8f8][%mdl 512]} Rc2+ (40... fxe6 41. Bxe6+) 41. Kg3 {Precision: White = 67%, Black = 29%.} 1-0

[Event "Turkey IS Bank Super League 2017"]
[Site "Darica-Kocaeli"]
[Date "2017.08.05"]
[Round "12"]
[White "Ali Marandi, Cemil Can"]
[Black "Cheparinov, Ivan"]
[Result "0-1"]
[WhiteElo "2526"]
[BlackElo "2703"]
[Annotator "TA"]
[PlyCount "104"]
[EventType "team-tourn"]
[EventCountry "TUR"]
[SourceTitle "playchess.com"]
[Source "ChessBase"]
[SourceQuality "1"]

{[%evp 14,104,14,36,32,22,26,25,22,12,12,7,14,-4,0,19,52,41,49,52,45,18,33,-81,-65,-160,-136,-202,-180,-194,-188,-187,-56,-204,-221,-237,-207,-267,-254,-355,-354,-481,-455,-458,-460,-448,-453,-450,-442,-495,-489,-555,-539,-507,-330,-358,-308,-415,-291,-392,-391,-386,-378,-371,-381,-402,-349,-482,-330,-320,-319,-339,-288,-458,-462,-485,-443,-450,-431,-626,-626,-660,-648,-648,-626,-687,-685,-727,-715,-715,-712,-699,-688]} 1. e4 c5 2. Nf3 d6 3. d4 cxd4 4. Nxd4 Nf6 5. Nc3 a6 6. h4 {B90: Sicilian Najdorf: Unusual White 6th moves, 6 Be3 Ng4 and 6 Be3 e5} e5 7. Nb3 Be6 8. f4 {LiveBook: 10 Games. The position is equal.} b5 $146 ({Predecessor:} 8... Nc6 9. f5 Bxb3 10. axb3 d5 11. exd5 Nd4 12. Bd3 Nxd5 13. Bb5+ Nxb5 14. Nxd5 {½-½ (66) Naroditsky,D (2646)-Zherebukh,Y (2605) Saint Louis 2017}) 9. f5 Bc8 10. Bg5 Nbd7 11. g4 Bb7 12. Qf3 Rc8 13. Bd3 (13. Bxf6 $5 Nxf6 14. Bd3 $15) 13... Rxc3 14. bxc3 {Black must now prevent Bxf6.} Qc7 15. Bxf6 Nxf6 16. g5 Qxc3+ 17. Kf2 Nd7 18. f6 (18. a4 $1 $14 b4 19. Kg2) 18... gxf6 $17 19. gxf6 (19. a4 $15 b4 20. Rad1 (20. gxf6 Bh6 $17)) 19... h5 20. Raf1 (20. Ke2 $17) 20... Bh6 $19 {[%mdl 1024] Black has strong compensation.} 21. Ke2 Bf4 22. Rhg1 a5 ({Black should try} 22... Bc8 $19 23. a3 Kd8) 23. Rd1 ({Better is} 23. Qf2 $1 $15) 23... Bc6 24. Qh3 Kd8 25. Rg7 Rf8 ({Don't do} 25... Nxf6 26. Rxf7 Bd7 27. Rxd7+ Nxd7 28. Rg1 $17) 26. Nd2 Nxf6 27. a4 Bd7 28. Qf3 Bg4 29. Rxg4 Nxg4 ({But not} 29... hxg4 30. Qf2 $19) 30. Bxb5 Qxc2 31. Qa3 Ke7 32. Bd3 Qc7 33. Rb1 Bxd2 34. Kxd2 Rb8 35. Rb5 Qa7 36. Qc3 Rxb5 37. axb5 Qb6 38. Qc4 Nf6 39. Bc2 Nd7 40. Kc1 Qe3+ 41. Kb2 Qe1 42. Bb3 Qd2+ 43. Kb1 (43. Bc2 {was called for.}) 43... Qf2 {Black is clearly winning.} 44. Qd5 a4 45. Bxa4 Qxh4 46. Bb3 (46. Bd1 $142) 46... Qe1+ 47. Kc2 Qf2+ 48. Qd2 Qc5+ 49. Kb2 Qxb5 50. Qg5+ Nf6 51. Qg7 Qe8 52. Qg5 Qg8 {Precision: White = 27%, Black = 76%.} 0-1

[Event "Turkey IS Bank Super League 2017"]
[Site "Darica-Kocaeli"]
[Date "2017.08.05"]
[Round "12"]
[White "Yilmazyerli, Mert"]
[Black "Karayel, Atagun"]
[Result "1-0"]
[WhiteElo "2459"]
[BlackElo "1907"]
[Annotator "TA"]
[PlyCount "43"]
[EventType "team-tourn"]
[EventCountry "TUR"]
[SourceTitle "playchess.com"]
[Source "ChessBase"]
[SourceQuality "1"]

{[%evp 15,43,53,66,36,47,26,27,25,31,32,49,45,43,57,61,56,76,50,84,20,121,112,131,130,316,240,225,223,327,321]} 1. e4 {[%cal Be2e4,Be4e5][%mdl 32]} c5 2. Nf3 Nf6 3. e5 Nd5 4. Nc3 Nxc3 5. dxc3 Nc6 6. Bf4 Qb6 {B29: Sicilian: 2 Nf3 Nf6 (Nimzowitsch Variation)} 7. b3 Qc7 8. Qd2 e6 {LiveBook: 11 Games. White is slightly better.} 9. Rd1 (9. h4 h6 10. O-O-O a6 11. Bd3 b5 12. Be4 c4 13. Kb1 {0-1 (41) Saric,I (2652)-Rakhmanov,A (2667) Tallinn 2016}) 9... h6 10. h3 $146 ({Predecessor:} 10. h4 b6 11. Qe3 Ne7 12. c4 Nf5 13. Qc3 {½-½ (65) Lagno,K (2530)-Gaponenko,I (2411) Doha 2016}) 10... b6 11. Bd3 Bb7 12. Be4 Na5 13. Qe3 O-O-O 14. O-O Be7 15. Bg3 Kb8 16. c4 Bc6 17. Rd3 (17. Rfe1 $16) 17... Nb7 (17... d5 $1 $11 18. exd6 Bxd6) 18. Rfd1 $16 Rhg8 19. Nd2 d6 $2 {[#]} (19... Na5 $16 {keeps fighting.}) 20. Qf3 Bxe4 21. Nxe4 ({Much less strong is} 21. Qxe4 $6 dxe5 22. Bxe5 Bd6 $16) 21... dxe5 (21... Bf8 $142 22. exd6 Qd7) 22. Qxf7 {Precision: White = 46%, Black = 41%.} 1-0

[Event "Turkey IS Bank Super League 2017"]
[Site "Darica-Kocaeli"]
[Date "2017.08.05"]
[Round "12"]
[White "Asadli, Vugar"]
[Black "Can, Emre"]
[Result "1-0"]
[WhiteElo "2457"]
[BlackElo "2586"]
[Annotator "TA"]
[PlyCount "83"]
[EventType "team-tourn"]
[EventCountry "TUR"]
[SourceTitle "playchess.com"]
[Source "ChessBase"]
[SourceQuality "1"]

{[%evp 17,83,34,43,43,27,10,12,6,38,0,0,1,11,9,13,8,7,14,21,20,16,20,22,12,35,27,46,47,64,83,66,66,170,170,170,171,185,134,156,150,148,158,146,144,262,264,447,433,454,360,358,357,353,354,351,345,462,455,450,446,660,650,29979,29980,29977,5897,5828,992]} 1. e4 c5 2. Nf3 d6 3. d4 cxd4 4. Nxd4 Nf6 5. Nc3 Nc6 6. Bc4 Qb6 7. Nb3 e6 8. Bf4 Ne5 9. Be2 Bd7 10. Qd2 {B57: Classical Sicilian: Sozin with 6...Qb6} a6 11. O-O $146 ({Find the theoretical novelty and annotate with similar games:} 11. O-O-O Qc7 12. Bg5 Be7 13. f4 Ng6 14. h4 h5 15. Bf3 O-O-O 16. g3 Kb8 17. Rhe1 Ne8 18. Bxe7 Nxe7 {½-½ (105) Areshchenko,A (2650)-Perunovic,M (2579) Plovdiv 2008}) 11... Be7 12. Rad1 {The position is equal.} Rd8 13. Kh1 O-O 14. Be3 Qc7 15. f4 Nc4 16. Bxc4 $1 Qxc4 17. Bb6 $36 {[%mdl 2048] aiming for e5. White has the initiative.} Nxe4 18. Nxe4 Qxe4 19. Bxd8 Rxd8 20. Rfe1 Qg6 21. Nd4 {Black must now prevent f5.} Qh5 22. Qb4 Bh4 23. Rf1 Bc8 24. Qb6 Re8 (24... Be7 $14) 25. Qxd6 $18 Qa5 26. a3 Be7 27. Qe5 ({White should try} 27. Nb3 $18 Qb5 28. Qc7) 27... Qb6 $16 28. b4 Bf6 29. Qe3 Qc7 30. Nf3 Qxc2 (30... Bd7 $16 31. Ne5 Bb5) 31. Ne5 $18 h5 $2 (31... Qc7 {keeps fighting.} 32. Rc1 Qe7) 32. Rc1 Qf5 33. Rc7 Bxe5 34. Qxe5 {And now Rfc1 would win.} Qd3 {[%cal Rd3f1]} 35. Rfc1 Bd7 36. Rxb7 ({Don't take} 36. Qxh5 g6 $18) 36... Qxa3 37. Ra1 Qd3 38. Qc7 ({Not} 38. Qxh5 g6 $18) 38... Qd4 (38... Re7 $142 39. Qd8+ Re8 40. Qxd7 Qxd7 41. Rxd7 Rc8) 39. Rg1 Bb5 40. Qxf7+ Kh7 {[#]} 41. Qxh5+ (41. Rxb5 $142 $1 {[%mdl 512]} axb5 42. Qxh5+ Kg8 43. Qxe8+ Kh7 44. Qxb5 Qd8 45. Re1 Kg8 46. Qc6) 41... Kg8 42. Rxb5 {Precision: White = 72%, Black = 40%.} (42. Qf7+ $142 Kh7 {[#]} 43. Rxb5 $1 {[%mdl 512]} axb5 44. Qh5+ Kg8 45. Qxe8+ Kh7 46. Qxe6 Qxf4 47. Qh3+ Kg6 48. Re1) 1-0

[Event "Turkey IS Bank Super League 2017"]
[Site "Darica-Kocaeli"]
[Date "2017.08.05"]
[Round "12"]
[White "Atalik, Ekaterina"]
[Black "Yildiz, Betul Cemre"]
[Result "1-0"]
[WhiteElo "2445"]
[BlackElo "2326"]
[Annotator "TA"]
[PlyCount "161"]
[EventType "team-tourn"]
[EventCountry "TUR"]
[SourceTitle "playchess.com"]
[Source "ChessBase"]
[SourceQuality "1"]

{[%evp 22,161,45,33,49,46,75,60,60,45,44,51,107,100,88,101,109,70,70,70,105,96,134,88,120,119,135,146,139,139,180,179,238,197,189,173,187,193,182,196,200,165,185,91,76,77,88,81,84,41,86,72,64,14,90,64,104,87,93,90,83,83,93,-29,0,-11,6,2,33,0,31,31,42,22,49,21,28,28,41,0,56,57,61,61,78,61,57,0,108,108,108,108,108,108,108,30,109,89,396,396,396,396,369,369,679,687,1570,1540,1166,992,29972,29973,29972,11181,29980,29977,29982,29983,29988,29989,29989,29987,29987,29973,29973,29974,29974,29975,29984,29985,29985,29986,29986,29987,29989,29990,29990,29985,29994,29995,29996,29997]} 1. d4 d5 2. c4 dxc4 3. Nf3 a6 4. e3 Bg4 5. Bxc4 e6 6. O-O Nf6 7. Nc3 Nc6 8. Be2 Bd6 9. a3 O-O 10. h3 Bh5 11. b4 Bg6 {D22: Queen's Gambit Accepted: 3 Nf3 a6 4 e3} 12. Bb2 {LiveBook: 3 Games} Nd5 13. Na4 b6 {White is slightly better.} 14. Rc1 {[#]} Nb8 $146 ({Predecessor:} 14... Nce7 15. Nd2 f5 16. Bf3 Qd7 17. Qb3 Bf7 18. Nc3 Nxc3 19. Qxc3 {½-½ (30) Littlewood,P (2390)-Baburin,A (2541) West Bromwich 2003}) 15. Qb3 Nd7 16. Ne5 f5 (16... Be4 $14) 17. Nc3 $16 N7f6 18. Bf3 Bf7 19. Nxf7 (19. Rc2 {with more complications.} Qe8 20. Rfc1 Ra7 21. h4 Ra8 22. g3) 19... Rxf7 20. g3 {[%cal Rc3d5]} Bf8 21. Rfe1 Qd7 22. Bg2 $36 {[%mdl 2048] White is in control.} Rc8 23. e4 fxe4 24. Nxe4 Nxe4 25. Rxe4 Rd8 26. Rce1 c5 (26... Re8 $142 27. Qc2 a5) 27. dxc5 bxc5 28. Rxe6 {Black must now prevent R6e5.} cxb4 29. R6e5 Nc7 30. axb4 Qd2 31. R5e2 Qxb4 32. Qxb4 (32. Qa2 $18 {and White stays clearly on top.}) 32... Bxb4 33. Rc1 Rfd7 34. Rc4 a5 35. Be5 Nd5 36. h4 Nf6 37. Bh3 Rd2 (37... Re7 $11) 38. Re3 R2d3 39. Rxd3 Rxd3 40. Rc8+ Kf7 41. Rc7+ Kg6 42. f4 (42. Rc6 $16) 42... Rd1+ 43. Bf1 (43. Kg2 $5 {[%cal Rf4f5]} Rd2+ 44. Kg1 Rd1+ 45. Kh2 Rd2+ 46. Kh1 Rd1+ 47. Kh2 Rd2+ 48. Kg1 Rd1+ $11) 43... h5 {Hoping for ...Ng4.} 44. Kg2 a4 (44... Ng4 $5 {[%cal Rg4e3]} 45. Bb5 (45. Rxg7+ Kh6 $11) 45... Nxe5 46. fxe5 Rd2+ 47. Kf3 Kf5 $14) 45. Bc4 (45. Be2 $5 {[%cal Re2d1]} Rd2 46. Kf3 $14) 45... Rd2+ 46. Kf3 a3 47. Rc6 (47. Be6 $5 {[%cal Rf4f5]} Bd6 48. Rc6 Bxe5 49. fxe5 $14) 47... Be7 48. Ke3 Rd7 49. Ra6 Bc5+ 50. Kf3 Be7 (50... Rd2 $11 51. Be2 Kf7) 51. Be6 $14 Rd8 52. f5+ Kh6 53. Bf7 {Threatens to win with Bg6.} (53. Bc7 $5 {[%cal Rc7d8]} Re8 54. Ke3 $16) 53... Kh7 $1 54. Ra7 ({White should play} 54. Bf4 $14) 54... Rd7 {[#]} (54... Bc5 $11 55. Bg6+ Kg8) 55. Ra8 $1 $16 {Threatening mate with Bg6+.} Rd8 56. Rxd8 Bxd8 {[%mdl 4096] Endgame KBB-KBN} 57. Bd6 Ng4 58. Ke2 ({Better is} 58. Bg6+ $16 Kg8 59. Bxa3) 58... Bf6 (58... g5 $1 $11 {remains equal.}) 59. Bxa3 Be5 $2 {[%mdl 8192] [#]} (59... Ne5 $16 60. Bxh5 g6) 60. Bxh5 $18 Nf6 61. Bg6+ Kh8 62. Kf3 Nd7 $2 (62... Bc3 63. Bf7 Nd7) 63. g4 {[%cal Bg3g4,Bg4g5][%mdl 32]} Bf6 64. g5 Bd8 65. Ke4 Bc7 66. Be8 Ne5 67. Kd5 (67. f6 $142 gxf6 68. gxf6 Nc4 69. Be7 Kh7 70. Kf5 Ne5 71. f7 Nxf7 72. Bxf7) 67... Ng4 68. Bb2 {White mates.} Kg8 69. Ke6 Bb6 70. Bf7+ Kh7 71. h5 Be3 72. Bg6+ Kg8 73. f6 gxf6 74. gxf6 Nxf6 75. Kxf6 Bh6 76. Ba3 Bg7+ 77. Kg5 Bc3 78. h6 Bd4 79. Bd3 Kh8 80. Kg6 Bc3 81. Bc4 {Precision: White = 56%, Black = 23%.} 1-0

[Event "Turkey IS Bank Super League 2017"]
[Site "Darica-Kocaeli"]
[Date "2017.08.05"]
[Round "12"]
[White "Kanmazalp, Ogulcan"]
[Black "Rozum, Ivan"]
[Result "0-1"]
[WhiteElo "2445"]
[BlackElo "2573"]
[Annotator "TA"]
[PlyCount "72"]
[EventType "team-tourn"]
[EventCountry "TUR"]
[SourceTitle "playchess.com"]
[Source "ChessBase"]
[SourceQuality "1"]

{[%evp 24,72,6,0,0,-8,0,0,0,0,0,0,0,0,0,0,0,0,0,0,0,0,8,0,0,0,0,-61,-81,-58,-65,-106,-98,-118,-112,-202,-190,-193,-181,-206,-185,-226,-249,-259,-267,-263,-222,-234,-239,-900,-895]} 1. e4 c6 2. d4 d5 3. Nc3 dxe4 4. Nxe4 Bf5 5. Ng3 Bg6 6. h4 h6 7. Nf3 Nd7 8. h5 Bh7 9. Bd3 Bxd3 10. Qxd3 e6 11. Bd2 Ngf6 12. O-O-O Be7 13. Kb1 Qb6 {B19: Classical Caro-Kann: 4...Bf5 main line} 14. Rhe1 c5 {[#]} 15. Qc4 $146 ({Find the theoretical novelty and annotate with similar games:} 15. c4 cxd4 16. Nxd4 O-O 17. Ngf5 Bb4 18. Bxb4 Qxb4 19. a3 Qa5 20. b4 Qc7 21. Nb5 {0-1 (41) Eliseev,U (2557)-Riazantsev,A (2708) Ekaterinburg 2013}) 15... O-O {The position is equal.} 16. Nf5 $1 {[%cal Rf5e7]} exf5 17. Rxe7 Rac8 18. dxc5 Rxc5 19. Qe2 Rb5 20. b3 Rd5 21. c4 Rd6 22. Be3 Qb4 23. Bd2 Qa3 {White must now prevent ...Ne4.} 24. Re3 f4 25. Bc1 ({Better is} 25. Re7 $11) 25... Qc5 26. Red3 Rxd3 27. Rxd3 Qxh5 28. Ka1 Qg4 (28... Nc5 {with more complications.} 29. Rd1 Re8 30. Qc2 Nce4 31. Bxf4 Qg4) 29. Nd4 (29. Rd1 $17) 29... Qxg2 $19 30. Bxf4 Re8 31. Re3 Rxe3 32. Qxe3 Nc5 33. Nf5 Qf1+ 34. Kb2 Nd3+ 35. Kc2 Nxf2 {Threatens to win with ...Qa1.} 36. Qg3 $2 {[#]} (36. Qf3) 36... Qe2+ {Precision: White = 41%, Black = 82%.} 0-1

[Event "Turkey IS Bank Super League 2017"]
[Site "Darica-Kocaeli"]
[Date "2017.08.05"]
[Round "12"]
[White "Daulyte, Deimante"]
[Black "Isgandarova, Khayala"]
[Result "1-0"]
[WhiteElo "2404"]
[BlackElo "2257"]
[Annotator "RC"]
[PlyCount "77"]
[EventType "team-tourn"]
[EventCountry "TUR"]
[SourceTitle "playchess.com"]
[Source "ChessBase"]
[SourceQuality "1"]
[TimeControl "40/5400+30:1800+30"]

1. e4 {[%emt 0:00:30]} e6 {[%emt 0:02:00]} 2. d4 {[%emt 0:00:30]} d5 {[%emt 0:00:00]} 3. Nc3 {[%emt 0:00:00]} Nf6 {[%emt 0:00:00]} 4. Bg5 {[%emt 0:00:00]} Be7 {[%emt 0:00:30]} 5. e5 {[%emt 0:00:30]} Nfd7 {[%emt 0:00:00]} 6. Bxe7 {[%emt 0:00:00]} Qxe7 {[%emt 0:00:00]} 7. f4 {[%emt 0:00:00]} a6 {[%emt 0:00:00]} 8. Nf3 {[%emt 0:00:30]} c5 {[%emt 0:00:00]} 9. Qd2 {[%emt 0:00:30]} Nc6 {[%emt 0:00:00]} 10. dxc5 {[%emt 0:00:30]} Qxc5 {[%emt 0:03:00]} 11. Bd3 {[%emt 0:00:30]} b5 {[%emt 0:03:30]} 12. a3 {[%emt 0:00:30]} Nb6 {[%emt 0:08:30]} 13. b4 {[%emt 0:03:30]} Qe7 {[%emt 0:00:30]} 14. Qf2 {[%emt 0:00:00]} Rb8 {[%emt 0:01:30]} 15. O-O {[%emt 0:01:00]} Nc4 {[%emt 0:11:30]} 16. Ne2 {[%emt 0:02:30]} Bd7 {[%emt 0:06:30]} 17. Ned4 {[%emt 0:06:30]} Nxd4 {[%emt 0:01:30]} 18. Nxd4 {[%emt 0:00:00]} O-O {[%emt 0:00:30]} 19. Qg3 {[%emt 0:13:00]} f5 {[%emt 0:03:30]} 20. Qf2 {[%emt 0:18:30]} a5 {[%emt 0:05:30] [%clk 0:51]} 21. c3 {[%emt 0:04:30]} a4 {[%emt 0:05:30]} 22. Bxc4 {[%emt 0:05:30]} dxc4 {[%emt 0:00:30]} 23. Rad1 {[%emt 0:00:30]} Rfc8 {[%emt 0:11:30]} 24. Rd2 {[%emt 0:04:30]} Rc7 {[%emt 0:04:30]} 25. Rfd1 {[%emt 0:02:30]} h6 {[%emt 0:01:30]} 26. h3 {[%emt 0:03:30]} Kh7 {[%emt 0:02:30]} 27. Kh2 {[%emt 0:04:30]} Rf8 {[%emt 0:07:30]} 28. Qe3 {[%emt 0:13:17]} Be8 {[%emt 0:10:12]} 29. Kg1 {[%emt 0:02:14]} Kh8 {[%emt 0:01:31]} 30. Qf2 {[%emt 0:01:08]} Kh7 {[%emt 0:00:47]} 31. Kf1 {[%emt 0:02:43]} g5 {[%emt 0:04:15]} 32. Qe3 {[%emt 0:02:43]} g4 {[%emt 0:02:26]} 33. hxg4 {[%emt 0:03:15]} fxg4 {[%emt 0:00:47]} 34. Kg1 {[%emt 0:00:17]} Rd7 {[%emt 0:04:15]} 35. g3 {[%emt 0:00:55]} Qf7 {[%emt 0:00:45]} 36. f5 {[%emt 0:02:45]} exf5 {[%emt 0:00:30]} 37. e6 {[%emt 0:00:17]} Qe7 {[%emt 0:00:17]} 38. Nxf5 {[%emt 0:01:01]} Qf6 {[%emt 0:01:31]} 39. exd7 {[%emt 0:00:42]} 1-0

[Event "Turkey IS Bank Super League 2017"]
[Site "Darica-Kocaeli"]
[Date "2017.08.05"]
[Round "12"]
[White "Ertan, Can"]
[Black "Firat, Burak"]
[Result "1-0"]
[WhiteElo "2377"]
[BlackElo "2482"]
[Annotator "TA"]
[PlyCount "43"]
[EventType "team-tourn"]
[EventCountry "TUR"]
[SourceTitle "playchess.com"]
[Source "ChessBase"]
[SourceQuality "1"]

{[%evp 20,43,-22,-44,0,0,0,0,2,-35,0,-46,-49,-58,118,153,258,246,452,329,331,325,883,875,3234,3079]} 1. e4 c5 2. Nf3 d6 3. d4 cxd4 4. Nxd4 Nf6 5. Nc3 a6 6. Be3 e6 7. g4 h6 8. Bg2 e5 {B81: Sicilian Scheveningen: Keres Attack} (8... Nc6 9. h3 Bd7 10. Qe2 Rc8 11. f4 Qc7 12. O-O-O Na5 13. Kb1 b5 14. Bc1 b4 15. Nd5 exd5 16. exd5+ Be7 17. g5 hxg5 18. fxg5 {0-1 (34) Borisek,J (2565)-Ivanchuk,V (2726) Berlin 2015}) 9. Nf5 g6 10. Nxh6 Bxh6 11. Bxh6 {LiveBook: 3 Games} Nxg4 12. Bd2 Qh4 {[%csl Gg4][%cal Rh4f2] [#]} ({Of course not} 12... Qb6 $6 13. Qf3 $16) 13. Qf3 $146 {White wants to play Nd5.} ({Find the theoretical novelty and annotate with similar games:} 13. Qe2 Nc6 14. Be3 Nxe3 15. Qxe3 Qg4 16. Bf3 {0-1 (53) Torrecillas Martinez,A (2424)-Rios,C (2384) Catalunya 2012}) 13... Nc6 $1 {[%cal Rc6d4] And now ...Nd4 would win.} 14. Ne2 Be6 15. Qg3 (15. h3 $5 {[%cal Rh3g4]} Nf6 16. O-O-O $15) 15... Nxh2 16. Bg5 Qh5 $2 (16... Qxg3 $15 {keeps the upper hand.} 17. Nxg3 Nd4) 17. f3 $16 f5 {[#]} (17... Bc4 $16) 18. O-O-O $1 $18 Bc4 $2 (18... Kd7 19. Bf6 fxe4) 19. Nf4 exf4 20. Qxf4 ({Less strong is} 20. Bxf4 O-O-O $14) 20... Be2 $2 (20... Ne5) 21. Rxd6 Kf8 22. exf5 {Precision: White = 50%, Black = 20%.} 1-0

[Event "Turkey IS Bank Super League 2017"]
[Site "Darica-Kocaeli"]
[Date "2017.08.05"]
[Round "12"]
[White "Soysal, Serkan"]
[Black "Yelken, Mustafa"]
[Result "0-1"]
[WhiteElo "2367"]
[BlackElo "2171"]
[Annotator "TA"]
[PlyCount "84"]
[EventType "team-tourn"]
[EventCountry "TUR"]
[SourceTitle "playchess.com"]
[Source "ChessBase"]
[SourceQuality "1"]

{[%evp 12,84,9,7,8,8,10,15,20,0,41,0,-8,-12,-6,-8,0,-14,-18,-20,-24,-62,-25,-33,-35,-39,153,-42,-41,-55,-32,-25,-35,-65,-52,-87,-86,-99,-97,-92,-56,-177,-182,-158,-158,-183,-196,-249,-254,-247,-247,-241,-169,-160,-112,-129,-115,-122,-112,-116,-108,-100,-147,-745,-793,-791,-690,-675,-691,-977,-952,-917,-857,-1029,-922]} 1. Nf3 Nf6 2. c4 e6 3. Nc3 d5 4. d4 Bb4 5. Qc2 O-O 6. a3 Bxc3+ 7. Qxc3 b6 {E36: Nimzo-Indian: Classical: 4...d5 5 a3} (7... dxc4 8. Qxc4 b6 9. Bg5 Ba6 10. Qa4 Qd7 11. Qc2 c5 12. dxc5 Rc8 13. Bxf6 gxf6 14. Rd1 Qe7 15. Qe4 Qxc5 16. e3 Bxf1 17. Kxf1 {½-½ (46) So,W (2770)-Nakamura,H (2787) Bilbao 2016}) 8. Bg5 Nbd7 9. cxd5 exd5 {The position is equal.} 10. Qc6 Rb8 $146 ({Predecessor:} 10... Ba6 11. Rc1 Rc8 12. Bxf6 Nxf6 13. Qa4 Bc4 14. Nd2 c6 15. e3 Bxf1 16. Nxf1 {½-½ (42) Purnama,T (2379)-Oliveira,J (2256) Shenzhen 2011}) 11. Rc1 Bb7 12. Qa4 c5 13. e3 c4 14. Bf4 (14. Qxa7 Bc6 $17) 14... Rc8 15. Be2 (15. Qxa7 Bc6 $17) 15... Re8 16. b3 {[%cal Rb3c4]} a6 17. O-O {[%cal Rb3c4]} (17. bxc4 b5 $17) 17... b5 (17... Bc6 $5 18. Qb4 $8 (18. Qxa6 $2 Ra8 $19) 18... a5 $11) 18. Qb4 a5 $2 (18... Ne4 $15 {stays ahead.}) 19. Qc3 $2 ({Only move:} 19. Qxb5 $16 Bc6 20. Qa6) 19... Ne4 $15 20. Qb2 c3 21. Qc2 b4 $36 {[%mdl 2048] Black has the initiative.} 22. axb4 axb4 23. Bb5 Bc6 24. Bd3 Qb6 25. Ra1 Ra8 26. Ng5 (26. Rfc1 $15) 26... Nxg5 $19 27. Bxg5 h6 28. Bf4 Bb5 29. Rfc1 (29. Bxb5 $142 Qxb5 30. Bd6) 29... Bxd3 30. Qxd3 Nf6 31. f3 Nh5 32. Be5 Rxa1 33. Rxa1 Rc8 34. Qf5 {[#]} Qc6 $1 {Threatens to win with ...c2.} 35. Qxh5 {Hoping for Qg4.} c2 36. Rc1 {And now Qg4 would win.} Qc3 $1 {[%csl LRb3,LRe3][%mdl 1024] Black has strong compensation.} 37. Kf2 $2 {[%mdl 8192]} ({Don't blunder} 37. Bf4 $2 Qd2 $19) (37. h3 $17 Qxe3+ 38. Kh2 Qxc1 39. Qg4 Qh1+ 40. Kxh1 c1=Q+ 41. Kh2) 37... Qd2+ {Black is clearly winning.} 38. Kg3 {[#]} Rc6 $1 ({Weaker is} 38... Qxc1 39. Qg4 $11) 39. Ra1 {Intending Ra8+ and mate.} Rg6+ 40. Kf4 c1=Q 41. Rxc1 Qxc1 42. Qf5 Qg1 {Precision: White = 31%, Black = 74%.} 0-1

[Event "Turkey IS Bank Super League 2017"]
[Site "Darica-Kocaeli"]
[Date "2017.08.05"]
[Round "12"]
[White "Mammadova, Gulnar"]
[Black "Nomin-Erdene, Davaademberel"]
[Result "1/2-1/2"]
[WhiteElo "2357"]
[BlackElo "2373"]
[Annotator "TA"]
[PlyCount "37"]
[EventType "team-tourn"]
[EventCountry "TUR"]
[SourceTitle "playchess.com"]
[Source "ChessBase"]
[SourceQuality "1"]

{[%evp 31,37,0,0,0,0,0,0,0]} 1. e4 c6 2. d4 d5 3. Nc3 dxe4 4. Nxe4 Bf5 5. Ng3 Bg6 6. h4 h6 7. Nf3 Nd7 8. h5 Bh7 9. Bd3 Bxd3 10. Qxd3 e6 11. Bf4 Qa5+ 12. c3 Ngf6 13. Ne5 {[%cal Bf3e5,Be5c4,Bc4e3][%mdl 32] B19: Classical Caro-Kann: 4...Bf5 main line} Be7 14. Nc4 Qd5 $146 ({Find the theoretical novelty and annotate with similar games:} 14... Qd8 15. Nd6+ Bxd6 16. Bxd6 Nb6 17. Be5 Qd5 18. O-O O-O-O {½-½ (54) Vila Gazquez,X (2345)-Lopez Martinez,J (2480) Barcelona 2006}) 15. Ne3 Qa5 16. Nc4 Qd5 {LiveBook: 3 Games. The position is equal.} 17. Ne3 Qa5 18. Nc4 Qd5 19. Ne3 1/2-1/2